| 000 -LEADER |
| fixed length control field |
01665pab a2200193 454500 |
| 008 - FIXED-LENGTH DATA ELEMENTS--GENERAL INFORMATION |
| fixed length control field |
180718b2002 xxu||||| |||| 00| 0 eng d |
| 100 ## - MAIN ENTRY--PERSONAL NAME |
| Personal name |
Kim, Pan S. |
| 245 ## - TITLE STATEMENT |
| Title |
Civil service reform in Japan and Korea: toward competitiveness and competency |
| 260 ## - PUBLICATION, DISTRIBUTION, ETC. |
| Date of publication, distribution, etc. |
2002 |
| 300 ## - PHYSICAL DESCRIPTION |
| Extent |
p.389-403 |
| 362 ## - DATES OF PUBLICATION AND/OR SEQUENTIAL DESIGNATION |
| Dates of publication and/or sequential designation |
Sep |
| 520 ## - SUMMARY, ETC. |
| Summary, etc. |
Governmental problems still exist in Japan and Korea even though the two nations have achieved substantial economic and political development in modern times. Such problems include a low ranking in world competitiveness in government and a lack of competency. Furthermore, rigid and closed systems for employment and promotion still prevail without many improvements in human resource management. Recently, both the Japanese and Korean governments have paid serious attention to new challenges such as globalization and informatization. In order to improve competitiveness and competency, both governments have attempted to reform the civil service in more flexible and open manners. Japan and Korea as geographic neighbors have, in general, many similarities, although some may see more differences than similarities. This article cannot provide a full picture of both nations' governmental problems, but a study of civil service reform is meaningful for improving human resource management in the government of both countries as well as understanding Asian public personnel management. - Reproduced. |
| 650 ## - SUBJECT ADDED ENTRY--TOPICAL TERM |
| Topical term or geographic name entry element |
Civil service reform - Japan |
| 650 ## - SUBJECT ADDED ENTRY--TOPICAL TERM |
| Topical term or geographic name entry element |
Civil service reform - Korea |
| 650 ## - SUBJECT ADDED ENTRY--TOPICAL TERM |
| Topical term or geographic name entry element |
Civil service - Japan |
| 650 ## - SUBJECT ADDED ENTRY--TOPICAL TERM |
| Topical term or geographic name entry element |
Civil service |
| 773 ## - HOST ITEM ENTRY |
| Main entry heading |
International Review of Administrative Sciences |
| 909 ## - |
| -- |
53868 |